Mechanical engineering science /

Saved in:
Bibliographic Details
Main Author: Titherington, D. (Derek)
Other Authors: Rimmer, J. G. (John Gordon) (joint author.)
Format: Book
Language:English
Published: London ; New York : McGraw-Hill, 1969.
Series:Technical education series
Subjects:
LEADER 01063cam a2200289 a 4500
001 c000293474
003 CARM
005 20090820143526.0
008 700515s1969 enka 001 0 eng
015 |a B70-02983 
019 1 |a 225362  |z 23851242  |z 27506327  |5 LACONCORD2021 
020 |a 0070942528 (pbk.) 
035 |a (OCoLC)74208  |5 LACONCORD2021 
040 |a LC  |b eng  |c LC  |d ABN-SNR 
050 0 0 |a TJ146  |b .T56 
082 0 4 |a 621.811 
100 1 |a Titherington, D.  |q (Derek) 
245 1 0 |a Mechanical engineering science /  |c by D. Titherington [and] J. G. Rimmer. 
260 |a London ;  |a New York :  |b McGraw-Hill,  |c 1969. 
300 |a xiii, 265 p. :  |b ill. ;  |c 22 cm. 
490 0 |a Technical education series 
650 0 |a Mechanical engineering. 
650 0 |a Mechanics. 
700 1 |a Rimmer, J. G.  |q (John Gordon),  |e joint author. 
852 8 |b CARM  |h A2:AK38A0  |i B10445  |p 0396651  |f BK 
999 f f |i ad0b0e95-415c-5b0d-92f9-d818bae27a19  |s b2e108d6-0ed7-5b89-844d-2087222ead6f 
952 f f |p Can circulate  |a CAVAL  |b CAVAL  |c CAVAL  |d CARM 1 Store  |e B10445  |f A2:AK38A0  |h Other scheme  |i book  |m 0396651